00474 a2200145 4500010001400000020002300014035001300037037001500050082001100065100001900076245005500095260006300150270008500213300003000298 aENG-88126 a8173421625c350.00 aEN-71659 bDBAD / PUB14a475.001 aRamanarasimham1 aAn intensive course in Telugu /cby Ramanarasimham aMysorebCentral Institute of Indian Languagec2006 (repr.) aDirectror, Central Institute of Indian Language, ManasagangotribMysoree570 006 axxxvi, 854 p.c24 cm (Hb)